UBT Library

International psychiatry clinics. (Record no. 42975)

000 -LEADER
fixed length control field 00533cas a2200217u| 4500
001 - CONTROL NUMBER
control field 10325715
005 - DATE AND TIME OF LATEST TRANSACTION
control field 20180221033454.0
008 - FIXED-LENGTH DATA ELEMENTS--GENERAL INFORMATION
fixed length control field 821101n mau |||||||||||| ||eng|
010 ## - LIBRARY OF CONGRESS CONTROL NUMBER
LC control number 64006432
040 ## - CATALOGING SOURCE
Original cataloging agency DLC
Transcribing agency CarP
Modifying agency DLC
041 ## - LANGUAGE CODE
Language code of text/sound track or separate title eng
080 ## - UNIVERSAL DECIMAL CLASSIFICATION NUMBER
Universal Decimal Classification number 616 ROW
082 ## - DEWEY DECIMAL CLASSIFICATION NUMBER
Edition number 616 ROW
100 ## - Rafti
Rafti 48
101 ## - Shkurtesa
Shkurtesa PSI
245 00 - TITLE STATEMENT
Title International psychiatry clinics.
310 ## - CURRENT PUBLICATION FREQUENCY
Current publication frequency Series entry
590 ## - LOCAL NOTE (RLIN)
Local note PREMARC/SERLOC merged record
906 ## - LOCAL DATA ELEMENT F, LDF (RLIN)
a 0
b cbc
c premunv
d u
e ncip
f 19
g y-gencatlg
942 ## - ADDED ENTRY ELEMENTS (KOHA)
Source of classification or shelving scheme
Item type Books
Holdings
Withdrawn status Lost status Source of classification or shelving scheme Damaged status Not for loan Collection code Permanent location Current location Shelving location Date acquired Total Checkouts Full call number Barcode Date last seen Price effective from Koha item type
          Koleksioni i përgjithshem UBT - Lipjan UBT - Lipjan Koleksioni i përgjithshem 02/21/2018   616 ROW 002-2999954 02/21/2018 02/21/2018 Books
UBT Library © 2015-2024. All rights reserved University Education for Business and Technology